When will the census tell us about the housing market?[electronic resource] (Record no. 84300)
[ view plain ]
| 000 -LEADER | |
|---|---|
| fixed length control field | 01162cad a22002055a 4500 |
| 001 - CONTROL NUMBER | |
| control field | L157210 |
| 008 - FIXED-LENGTH DATA ELEMENTS--GENERAL INFORMATION | |
| fixed length control field | 120925e20120925xxk 000 0 eng d |
| 035 ## - SYSTEM CONTROL NUMBER | |
| System control number | (Sirsi) u157210 |
| 041 0# - LANGUAGE CODE | |
| Language code of text/sound track or separate title | eng |
| 100 1# - MAIN ENTRY--PERSONAL NAME | |
| Personal name | Donnell, Richard |
| 245 00 - TITLE STATEMENT | |
| Title | When will the census tell us about the housing market?[electronic resource] |
| 260 ## - PUBLICATION, DISTRIBUTION, ETC. | |
| Date of publication, distribution, etc. | 2012 |
| 490 ## - SERIES STATEMENT | |
| Series statement | Hometrack Commentary and Analysis Insight Paper |
| -- | 17 September 2012 |
| 520 ## - SUMMARY, ETC. | |
| Summary, etc. | Predicts what the results of the 2011 Census due to be published in Autumn 2012 will reveal in terms of households and population trends. It is expected to show a large growth in the number of households who own their homes outright, the rapid growth in the private rented sector and statistical data on number of bedrooms per household. The shortage of new build affordable and social housing is also expected to be highlighted. |
| 590 ## - LOCAL NOTE (RLIN) | |
| Local note | KA NTK |
| 651 #4 - SUBJECT ADDED ENTRY--GEOGRAPHIC NAME | |
| Geographic name | United Kingdom |
| Chronological subdivision | |
| 690 ## - LOCAL SUBJECT ADDED ENTRY--TOPICAL TERM (OCLC, RLIN) | |
| Topical term or geographic name as entry element | Residential property |
| 9 (RLIN) | 6266 |
| 856 40 - ELECTRONIC LOCATION AND ACCESS | |
| Uniform Resource Identifier | <a href="https://www.hometrack.co.uk/our-insight/commentary-and-analysis/what-will-the-census-tell-us-about-the-housing-market">https://www.hometrack.co.uk/our-insight/commentary-and-analysis/what-will-the-census-tell-us-about-the-housing-market</a> |
| Public note | View this item free of charge at www.hometrack.co.uk/ |
| 942 ## - ADDED ENTRY ELEMENTS (KOHA) | |
| Suppress in OPAC | 0 |
| Withdrawn status | Lost status | Source of classification or shelving scheme | Damaged status | Not for loan | Home library | Current library | Shelving location | Date acquired | Total Checkouts | Full call number | Barcode | Date last seen | Copy number | Price effective from | Koha item type |
|---|---|---|---|---|---|---|---|---|---|---|---|---|---|---|---|
| Dewey Decimal Classification | Virtual | Virtual | Journal article | 25/09/2012 | ONLINE PUBLICATION | 157210-2001 | 06/08/2019 | 1 | 06/08/2019 | Journal article |